000 00845cam a2200265 a 4500
003 CHAP
005 20220329142045.0
008 990506d1992 es r 00010 spa d
010 _a77742
011 _a78714
035 _a88745
040 _cCHAP
090 _aR-3613
100 0 0 _aDampier, William Cecil.
_931007
245 1 3 _aEl siglo XVIII
_c/por William Cecil Dampier
500 _aSobretiro de: Historia de la ciencia y sus relaciones con la filosofía y la religión. Madrid : Tecnos. pp. 205-225, 1992.
590 _aBATCH-UPD
_b10
_c20130110
_lUCH01
_h1741
590 _aCONVERSION
_b10
_c20130109
_lUCH01
_h1343
650 1 4 _aCiencia
_xHistoria.
_923125
901 _aBK
905 _aGuadalupe Pinto C.
942 _cFOLL
949 _aR-3613
_bBC
_cR
_d887451
_eTS1
_i88745
_sb
949 _aR-3613
_bBC
_cR
_d887452
_eTS2
_fc.2
_i88745
_sb
999 _c77742
_d77742